The complete PC upgrade & maintenance guide / (Record no. 88080)

MARC details
000 -LEADER
fixed length control field 01213nam a2200325Ia 4500
005 - DATE AND TIME OF LATEST TRANSACTION
control field 20170605170122.0
010 ## - LCCN (DPL NO)
LC control number BAC-EN21 ENG-111976
020 ## - INTERNATIONAL STANDARD BOOK NUMBER
International Standard Book Number 9788126506279
Terms of availability 699.00
020 ## - INTERNATIONAL STANDARD BOOK NUMBER
International Standard Book Number 9788126506279
Terms of availability 799.99
035 ## - SYSTEM CONTROL NUMBER
System control number EN-95508
035 ## - SYSTEM CONTROL NUMBER
System control number B-585034-054
035 ## - SYSTEM CONTROL NUMBER
System control number B-669724
037 ## - SOURCE OF ACQUISITION
Source of stock number/acquisition Asian Book Centre/Ven
Stock number dpl
037 ## - SOURCE OF ACQUISITION
Source of stock number/acquisition DBAD/PUB
082 ## - DEWEY DECIMAL CLASSIFICATION NUMBER
Classification number 621.3916
100 ## - MAIN ENTRY--PERSONAL NAME
Personal name Minasi, Mark
245 ## - TITLE STATEMENT
Title The complete PC upgrade & maintenance guide /
Statement of responsibility, etc by Mark Minasi, Faithe Wempen [and] Quentin Docter
250 ## - EDITION STATEMENT
Edition statement 16th ed
260 ## - PUBLICATION, DISTRIBUTION, ETC. (IMPRINT)
Date of publication, distribution, etc 2014
Place of publication, distribution, etc New Delhi
Name of publisher, distributor, etc John Wiley
270 ## - ADDRESS
Address 4435/7, Ansari Road, Daryaganj
City New Delhi
Postal code 110002
300 ## - PHYSICAL DESCRIPTION
Dimensions 24cm(pbk)
Extent xIvii,872p. :
Other physical details ill.
500 ## - GENERAL NOTE
General note Includes index
650 ## - SUBJECT ADDED ENTRY--TOPICAL TERM
Topical term or geographic name as entry element Microcomputers
General subdivision Upgrading.
650 ## - SUBJECT ADDED ENTRY--TOPICAL TERM
Topical term or geographic name as entry element Microcomputers
General subdivision Maintenance and repair.
700 ## - ADDED ENTRY--PERSONAL NAME
Personal name Wempen, Faithe
700 ## - ADDED ENTRY--PERSONAL NAME
Personal name Docter, Quentin
942 ## - ADDED ENTRY ELEMENTS (KOHA)
Item type English Books
Source of classification or shelving scheme Dewey Decimal Classification
Call number suffix MIN
Classification part 621.3916
Holdings
Withdrawn status Lost status Not for loan Collection code Home library Current library Date acquired Source of acquisition Cost, normal purchase price Full call number Barcode Copy number Cost, replacement price Koha item type
      Non-fiction Andrews Gunj Andrews Gunj 15/04/2015 ABC/IN4457/13.12.2014/168/08.12.2014/30.12.2014 699.00 621.3916 MIN B-585046 1 699.00 English Books
      Non-fiction Ashok Vihar Ashok Vihar 05/06/2017 BPPD/EN/2014-15/AV/16-17/413/15.2.2017/5057/28.2.2017/ 24.3.2017 799.00 621.3916 MIN B-669724 1 799.00 English Books
      Non-fiction Bawana Bawana 15/04/2015 ABC/IN4457/13.12.2014/168/08.12.2014/30.12.2014 699.00 621.3916 MIN B-585052 1 699.00 English Books
      Non-fiction Central Jail Tihar Central Jail Tihar 15/04/2015 ABC/IN4457/13.12.2014/168/08.12.2014/30.12.2014 699.00 621.3916 MIN B-585041 1 699.00 English Books
      Non-fiction Central Library Central Library 15/04/2015 ABC/IN4457/13.12.2014/168/08.12.2014/30.12.2014 699.00 621.3916 MIN B-585034 2 699.00 English Books
      Non-fiction Central Library Central Library 15/04/2015 ABC/IN4457/13.12.2014/168/08.12.2014/30.12.2014 699.00 621.3916 MIN B-585035 2 699.00 English Books
    Not For Loan Reference Central Library Central Library 15/04/2015 ABC/IN4457/13.12.2014/168/08.12.2014/30.12.2014 699.00 621.3916 MIN B-585036 1 699.00 English Books
    Not For Loan Non-fiction D.B.Act.Division D.B.Act.Division 29/01/2015 DBAD/PUB 699.00 621.3916 MIN EN-95508 1 699.00 English Books
      Non-fiction Diz Area Diz Area 15/04/2015 ABC/IN4457/13.12.2014/168/08.12.2014/30.12.2014 699.00 621.3916 MIN B-585042 1 699.00 English Books
      Non-fiction Janak Puri Janak Puri 15/04/2015 ABC/IN4457/13.12.2014/168/08.12.2014/30.12.2014 699.00 621.3916 MIN B-585043 1 699.00 English Books
      Non-fiction Kadipur Kadipur 15/04/2015 ABC/IN4457/13.12.2014/168/08.12.2014/30.12.2014 699.00 621.3916 MIN B-585054 1 699.00 English Books
      Non-fiction Karol Bagh Karol Bagh 15/04/2015 ABC/IN4457/13.12.2014/168/08.12.2014/30.12.2014 699.00 621.3916 MIN B-585050 1 699.00 English Books
      Non-fiction Kasturba Gandhi Marg Kasturba Gandhi Marg 15/04/2015 ABC/IN4457/13.12.2014/168/08.12.2014/30.12.2014 699.00 621.3916 MIN B-585038 1 699.00 English Books
      Non-fiction Katevara Katevara 15/04/2015 ABC/IN4457/13.12.2014/168/08.12.2014/30.12.2014 699.00 621.3916 MIN B-585053 1 699.00 English Books
      Non-fiction Narela Narela 15/04/2015 ABC/IN4457/13.12.2014/168/08.12.2014/30.12.2014 699.00 621.3916 MIN B-585051 1 699.00 English Books
      Non-fiction Patel Nagar Patel Nagar 15/04/2015 ABC/IN4457/13.12.2014/168/08.12.2014/30.12.2014 699.00 621.3916 MIN B-585037 1 699.00 English Books
      Non-fiction Peshwa Road Peshwa Road 15/04/2015 ABC/IN4457/13.12.2014/168/08.12.2014/30.12.2014 699.00 621.3916 MIN B-585039 1 699.00 English Books
      Non-fiction Qila Rai Pithora Qila Rai Pithora 15/04/2015 ABC/IN4457/13.12.2014/168/08.12.2014/30.12.2014 699.00 621.3916 MIN B-585048 1 699.00 English Books
      Non-fiction R.K.Puram-8 R.K.Puram-8 15/04/2015 ABC/IN4457/13.12.2014/168/08.12.2014/30.12.2014 699.00 621.3916 MIN B-585045 1 699.00 English Books
      Non-fiction Sarojini Nagar Sarojini Nagar 15/04/2015 ABC/IN4457/13.12.2014/168/08.12.2014/30.12.2014 699.00 621.3916 MIN B-585044 1 699.00 English Books
      Non-fiction Sriniwas Puri Sriniwas Puri 15/04/2015 ABC/IN4457/13.12.2014/168/08.12.2014/30.12.2014 699.00 621.3916 MIN B-585047 1 699.00 English Books
      Non-fiction Tri Nagar Tri Nagar 15/04/2015 ABC/IN4457/13.12.2014/168/08.12.2014/30.12.2014 699.00 621.3916 MIN B-585040 1 699.00 English Books
      Non-fiction Vinoba Puri Vinoba Puri 15/04/2015 ABC/IN4457/13.12.2014/168/08.12.2014/30.12.2014 699.00 621.3916 MIN B-585049 1 699.00 English Books

© Delhi Public Library
Hit Counter
free hit counter